00691nam a2200229Ia 4500003000900000008004100009040001300050040001300063041000800076100002600084245003300110250001200143260001400155260000900169300001100178300001200189490003000201490000600231942000700237999001700244952020000261IT-RoPAU120407s9999 xx 000 0 und d aIT-RoPAU cIT-RoPAU aita aDonald S. L. Cardwell aTecnologia, scienza e storia aBologna aIl Mulino c1976 a332 p. c18,5 cm aUniversale Paperbacks, 45 v1 cBK c32801d32801 00102ddc406LM_360_00000000000000071aPAULUSbPAULUSd2012-04-11l0oLM360r2012-04-11 00:00:00w2012-04-11yBKzInserito da: LuigiG In data: 27 ottobre 2011 fondo: Via A.Severo 56 Progr:34452